000 00650nam a2200217Ia 4500
003 GCL
008 140319s9999 xx 000 0 ara d
040 _aGCL /
_cGCL
082 0 4 _a333.012
_bم ا
100 1 _aمحمد داويدار
245 1 0 _aالاتجاه الريعى للاقتصاد المصرى 1980-1950 /
_cمحمد داويدار
260 _a[S.N] :
_bمنشاة المعارف الاسلامية
300 _a182 ص
490 _a
650 0 4 _aالاقتصاد
650 0 4 _aالزراعة
650 0 4 _aالاجتماع
650 0 4 _aالاجتماع الاقتصادى
650 0 4 _aالاراضى
942 _2ddc
_cBK
999 _c58572
_d58572